Normal view
MARC view
- Maguire, Rachel
Entry Personal Name
001 - CONTROL NUMBER
- control field: 85903
003 - CONTROL NUMBER IDENTIFIER
- control field: OSt
005 - DATE AND TIME OF LATEST TRANSACTION
- control field: 20250110101802.0
008 - FIXED-LENGTH DATA ELEMENTS
- fixed length control field: 250110|| aca||aabn | a|a d
040 ## - CATALOGING SOURCE
- Original cataloging agency: OSt
- Transcribing agency: OSt
100 ## - HEADING--PERSONAL NAME
- Personal name: Maguire, Rachel
670 ## - SOURCE DATA FOUND
- Source citation: Work cat.: (OSt)48148: Brallier, Max, author. 84216, Galatic hot dogs:, 2016.